000
00331nam a2200145Ia 4500
003
OSt
005
20240229153209.0
008
170524s9999 xx 000 0 und d
020
_a
978-0262029483
040
_c
IIMT UNIVERSITY
100
_a
Fabozzi Frank
245
0
_a
Captial Markets
260
_a
New Delhi:PHI
942
_2
ddc
_c
01
999
_c
3071
_d
3071